5HLuxD.jpg

KING HENRY VIII SENIOR AND PRIMARY SCHOOL LIBRARY OPAC

Treasury of Greek mythology : (Record no. 974)

000 -LEADER
fixed length control field 02195cam a2200385 i 4500
001 - CONTROL NUMBER
control field vtls001717134
003 - CONTROL NUMBER IDENTIFIER
control field VRT
005 - DATE AND TIME OF LATEST TRANSACTION
control field 20200122115856.0
008 - FIXED-LENGTH DATA ELEMENTS--GENERAL INFORMATION
fixed length control field 160324t20112011dcuab j b 001 0 eng
010 ## - LIBRARY OF CONGRESS CONTROL NUMBER
LC control number 2011-024327
020 ## - INTERNATIONAL STANDARD BOOK NUMBER
International Standard Book Number 9781426308444
Qualifying information (hardback) :
020 ## - INTERNATIONAL STANDARD BOOK NUMBER
International Standard Book Number 1426308442
Qualifying information (hardback)
035 ## - SYSTEM CONTROL NUMBER
System control number (OCoLC)ocn698332708
040 ## - CATALOGING SOURCE
Original cataloging agency DLC
Language of cataloging eng
Description conventions rda
Transcribing agency DLC
Modifying agency IG#
-- BTCTA
-- LIV
-- UKMGB
-- GSN
-- VP@
-- XY4
-- YDXCP
-- SINLB
-- LF3
-- EHH
-- BDX
-- AU@
-- DMOPL
-- QQ3
-- IUL
-- OCLCF
-- OCLCA
-- CZL
-- OCLCO
-- WVX
-- OCLCQ
-- TKU
042 ## - AUTHENTICATION CODE
Authentication code nbic
050 #4 - LIBRARY OF CONGRESS CALL NUMBER
Classification number BL783
Item number .N365 2011
082 ## - DEWEY DECIMAL CLASSIFICATION NUMBER
Classification number 398.209 NAP
100 1# - MAIN ENTRY--PERSONAL NAME
Personal name Napoli, Donna Jo,
Dates associated with a name 1948-
Relator term author.
245 10 - TITLE STATEMENT
Title Treasury of Greek mythology :
Remainder of title classic stories of gods, goddesses, heroes & monsters /
Statement of responsibility, etc. by Donna Jo Napoli ; illustrated by Christina Balit.
246 30 - VARYING FORM OF TITLE
Title proper/short title Greek mythology.
260 ## - PUBLICATION, DISTRIBUTION, ETC.
Date of publication, distribution, etc. 2011.
264 #1 - PRODUCTION, PUBLICATION, DISTRIBUTION, MANUFACTURE, AND COPYRIGHT NOTICE
Place of production, publication, distribution, manufacture Washington :
Name of producer, publisher, distributor, manufacturer National Geographic Society,
Date of production, publication, distribution, manufacture, or copyright notice 2011.
264 #4 - PRODUCTION, PUBLICATION, DISTRIBUTION, MANUFACTURE, AND COPYRIGHT NOTICE
Date of production, publication, distribution, manufacture, or copyright notice ©2011.
300 ## - PHYSICAL DESCRIPTION
Extent 191 pages :
Other physical details color illustrations, color maps ;
Dimensions 31 cm.
336 ## - CONTENT TYPE
Content type term text
Content type code txt
Source rdacontent.
337 ## - MEDIA TYPE
Media type term unmediated
Media type code n
Source rdamedia.
338 ## - CARRIER TYPE
Carrier type term volume
Carrier type code nc
Source rdacarrier.
504 ## - BIBLIOGRAPHY, ETC. NOTE
Bibliography, etc. note Includes bibliographical references (pages 186-187) and index.
505 0# - FORMATTED CONTENTS NOTE
Formatted contents note Gaia, mother Earth -- Uranus, father heaven -- Cronus, Titan king -- Zeus, king of the gods -- Hestia, goddess of the hearth -- Poseidon, god of the seas -- Athena, goddess of wisdom -- Hades, god of the underworld -- Demeter, goddess of the harvest -- Apollo, god of music -- Artemis, goddess of the hunt -- Hera, goddess of marriage -- Hephaestus, god of metalworking -- Aphrodite, goddess of love and beauty -- Hermes, messenger of the gods -- Ares, god of war -- Helios, Sun god -- Selene, goddess of the Moon -- Dionysus, god of wine -- Perseus, the ill-fated hero -- Orion, the hunter -- Heracles, the hero who became immortal -- Jason, wanderer of the seas -- Theseus, the king of Athens -- Helen, the lethal beauty.
520 ## - SUMMARY, ETC.
Summary, etc. An introduction to some of the most prominent beings in the ancient Greek pantheon.
521 ## - TARGET AUDIENCE NOTE
Target audience note Middle School.
650 #0 - SUBJECT ADDED ENTRY--TOPICAL TERM
Topical term or geographic name entry element Mythology, Greek
Form subdivision Juvenile literature.
700 1# - ADDED ENTRY--PERSONAL NAME
Personal name Balit, Christina,
Relator term illustrator.
942 ## - ADDED ENTRY ELEMENTS (KOHA)
Source of classification or shelving scheme
Koha item type Books - Non Ficton
Holdings
Withdrawn status Lost status Source of classification or shelving scheme Damaged status Not for loan Collection code Permanent Location Current Location Shelving location Date acquired Total Checkouts Full call number Barcode Date last seen Date last checked out Price effective from Koha item type
          Non-Fiction KH8 Senior School Library KH8 Senior School Library Non Fiction 2020-01-22 3 398.209 NAP 3KHSL000100312 2021-05-04 2021-04-22 2020-01-22 Books - Non Ficton

Powered By KH8 IT Dept